| 000 | 00379nam a2200169Ia 4500 | ||
|---|---|---|---|
| 100 | _aPnueli/David/ Gutfinger/C | ||
| 650 | _aFluid Mechanics | ||
| 942 | _cBK | ||
| 366 | _f25 | ||
| 654 | _afluid mechanics | ||
| 245 | _aFluid mechanics | ||
| 260 |
_bCambridge University Press _c1992 |
||
| 082 |
_a532 _bPnu |
||
| 300 | _a482 | ||
| 546 |
_aENGLISH _cInfo.Tech |
||
| 999 |
_c28898 _d28898 |
||